000 00400nam a2200145Ia 4500
008 220204s9999 xx 000 0 und d
082 _a631/635
_bADV.88
100 _aSparks, Donald L
245 0 _aAdvances in agronomy. V.88. 2005
260 _aSan Diego
_bElsevier Academic Press
_c2005
650 _aBiodiversity
650 _aCarbon sequestration
650 _aLand use management
942 _cBK
999 _c42442
_d42442